ბათუმის შოთა რუსთაველის სახელმწიფო უნივერსიტეტის ბიბლიოთეკა

Paris Match, du 7 AU 13 novembre №3364. 2013. (ბიბ.ჩანაწერი № 41981)

000 -LEADER
fixed length control field 00408nam a2200181Ia 4500
001 - CONTROL NUMBER
control field 8666
003 - CONTROL NUMBER IDENTIFIER
control field GE_BSU
008 - FIXED-LENGTH DATA ELEMENTS--GENERAL INFORMATION
fixed length control field 181216s||||||||xx |||||||||||||| ||und||
040 ## - CATALOGING SOURCE
Transcribing agency GE_BSU
245 ## - TITLE STATEMENT
Title Paris Match, du 7 AU 13 novembre №3364. 2013.
245 ## - TITLE STATEMENT
Remainder of title №3364
245 ## - TITLE STATEMENT
Statement of responsibility, etc. dir.red. O.Royant.
260 ## - PUBLICATION, DISTRIBUTION, ETC.
Place of publication, distribution, etc. Paris
260 ## - PUBLICATION, DISTRIBUTION, ETC.
Date of publication, distribution, etc. 2013
300 ## - PHYSICAL DESCRIPTION
Extent 151p.29cm.
653 ## - INDEX TERM--UNCONTROLLED
Uncontrolled term Paris Match
942 ## - ADDED ENTRY ELEMENTS (KOHA)
Koha item type პერიოდიკა

არაა ხელმისაწვდომი ეგზემპლარები.